The physics of foraging : (رقم التسجيلة. 33369)

تفاصيل مارك
000 -الفاتح
حقل البيانات ثابتة الطول 03359cam a22004454a 4500
001 - رقم الضبط
رقم الضبط 16612380
003 - محدد رقم الضبط
رقم الضبط OSt
005 - وقت وتاريخ اخر تعامل مع التسجيلة
رقم الضبط 20150408114205.0
008 - عناصر البيانات ثابتة الطول - معلومات عامة
حقل البيانات ثابتة الطول 110114s2011 enkab b 001 0 eng
010 ## - رقم ضبط مكتبة الكونجرس
رقم ضبط مكتبة الكونجرس 2011002166
016 7# - رقم ضبط الوكاله الوطنية للضبط الببليوجرافي
رقم ضبط التسجيلة 015729521
المصدر Uk
020 ## - الرقم الدولى المعيارى للكتب
الرقم الدولى المعيارى للكتاب 9781107006799 (hardback)
020 ## - الرقم الدولى المعيارى للكتب
الرقم الدولى المعيارى للكتاب 1107006791 (hardback)
035 ## - رقم ضبط النظام
رقم ضبط النظام (OCoLC)ocn704243730
040 ## - مصدر الفهرسة
وكالة الفهرسة الأصلية DLC
وكالة النسخ DLC
وكالة التعديل YDX
-- YDXCP
-- BWX
-- AGL
-- UKMGB
-- CDX
-- MIX
-- CLU
-- DLC
042 ## - رمز التحقق
رمز التحقق pcc
050 00 - رقم طلب مكتبة الكونجرس
رقم التصنيف QL751.65.M3
رقم المادة P49 2011
070 0# - رقم الطلب بالمكتبة الوطنية الزراعية
رقم التصنيف QL751.65.M3
رقم المادة P49 2011
082 00 - رقم تصنيف ديوى العشرى
رقم التصنيف 591.5
رقم الطبعة 22
رقم المادة PHF
084 ## - رقم تصنيف آخر
رقم التصنيف SCI040000
مصدر الرقم bisacsh
245 04 - بيان العنوان
العنوان The physics of foraging :
بقية العنوان an introduction to random searches and biological encounters /
بيان المسئوليه,etc Gandhimohan M. Viswanathan ... [et al.].
260 ## - PUBLICATION, DISTRIBUTION, ETC. (IMPRINT)
مكان الناشر او الموزع Cambridge ;
-- New York :
اسم الناشر او الموزع Cambridge University Press,
تاريخ النشر أو التوزيع 2011.
300 ## - الوصف المادى
التعداد xiii, 164 p. :
تفاصيل ماديه اخرى للوعاء ill., maps ;
أبعاد الوعاء 26 cm.
504 ## - تبصرة ببليوجرافية
تبصرة ببليوجرافية,الخ Includes bibliographical references and index.
505 8# - تبصرة محتويات-الفهرس
تبصرة المحتويات المصاغة Machine generated contents note: Part I. Introduction: Movement: 1. Empirical motivation for studying movement; 2. Statistical physics of biological motion; 3. Random walks and L�evy flights; 4. Wandering albatrosses; Part II. Experimental Findings: 5. Early studies; 6. Evidence of anomalous diffusion; 7. Human dispersal; 8. How strong is the evidence?; Part III. Theory of Foraging: 9. Optimizing encounter rates; 10. L�evy flight foraging; 11. Other search models; Part IV. Finale: A Broader Context: 12. Superdiffusive random searches; 13. Adaptational versus emergent superdiffusion; 14. Perspectives and open problems; Appendices; References; Index.
520 ## - التبصرة الخاصة بالتعليق أو التلخيص
ملخص,الخ "Do the movements of animals, including humans, follow patterns that can be described quantitatively by simple laws of motion? If so, then why? These questions have attracted the attention of scientists in many disciplines, and stimulated debates ranging from ecological matters to queries such as 'how can there be free will if one follows a law of motion?' This is the first book on this rapidly evolving subject, introducing random searches and foraging in a way that can be understood by readers without a previous background on the subject. It reviews theory as well as experiment, addresses open problems and perspectives, and discusses applications ranging from the colonization of Madagascar by Austronesians to the diffusion of genetically modified crops. The book will interest physicists working in the field of anomalous diffusion and movement ecology as well as ecologists already familiar with the concepts and methods of statistical physics"--
650 #0 - المدخل الاضافى بالموضوع-مصطلح موضوعى
مصطلح موضوعي أو اسم جغرافي كعنصر مدخل Animal behavior
التقسيم الفرعي العام Mathematical models.
9 (RLIN) 41032
650 #0 - المدخل الاضافى بالموضوع-مصطلح موضوعى
مصطلح موضوعي أو اسم جغرافي كعنصر مدخل Home range (Animal geography)
التقسيم الفرعي العام Mathematical models.
9 (RLIN) 42503
650 #0 - المدخل الاضافى بالموضوع-مصطلح موضوعى
مصطلح موضوعي أو اسم جغرافي كعنصر مدخل Biological invasions
التقسيم الفرعي العام Mathematical models.
9 (RLIN) 42504
650 #0 - المدخل الاضافى بالموضوع-مصطلح موضوعى
مصطلح موضوعي أو اسم جغرافي كعنصر مدخل Animal ecology
التقسيم الفرعي العام Mathematical models.
9 (RLIN) 41033
650 12 - المدخل الاضافى بالموضوع-مصطلح موضوعى
مصطلح موضوعي أو اسم جغرافي كعنصر مدخل Appetitive Behavior.
9 (RLIN) 42505
650 22 - المدخل الاضافى بالموضوع-مصطلح موضوعى
مصطلح موضوعي أو اسم جغرافي كعنصر مدخل Biophysical Phenomena.
9 (RLIN) 18857
650 22 - المدخل الاضافى بالموضوع-مصطلح موضوعى
مصطلح موضوعي أو اسم جغرافي كعنصر مدخل Ecology.
650 22 - المدخل الاضافى بالموضوع-مصطلح موضوعى
مصطلح موضوعي أو اسم جغرافي كعنصر مدخل Models, Statistical.
9 (RLIN) 14495
700 1# - المدخل الاضافى - اسم شخصى
الإسم الشخصى Viswanathan, Gandhimohan M.
9 (RLIN) 42506
856 42 - الوصول و الموقع الالكترونى
مواد محددة Cover image
معرف المصدر الموحد <a href="http://assets.cambridge.org/97811070/06799/cover/9781107006799.jpg">http://assets.cambridge.org/97811070/06799/cover/9781107006799.jpg</a>
906 ## - عنصر بيانات محلى F, LDF (RLIN)
a 7
b cbc
c orignew
d 1
e ecip
f 20
g y-gencatlg
942 ## - عناصر المدخل الإضافي( كوها)
مصدر التصنيف او مخطط الترفيف Dewey Decimal Classification
Koha [default] item type DVD
المقتنيات
حالة الفقد نموذج السعر الفعال حالة تلف ليس للاعارة رقم الطلب تاريخ الاكتساب الموقع الحالي الفرع الرئيسي Date last seen نوع المادة فى نظام كوها مصدر التصنيف او خطة الترفيف Total Checkouts
  2014-01-27     591.5 PHF 2014-01-27 المكتبة المركزية بالمجمعة (CL) المكتبة المركزية بالمجمعة (CL) 2014-01-27 كتاب Dewey Decimal Classification